| 000 | 00829cam a2200253 4500 | ||
|---|---|---|---|
| 001 | 26749 | ||
| 003 | BD-RjUL | ||
| 005 | 20211209051049.0 | ||
| 008 | 140323t1969 ii abch 00110 eng | ||
| 035 | _a(BD-RjUL)26820 | ||
| 040 |
_aDLC _cDLC _dm.c. _dBOS _dBD-RJUL _beng |
||
| 041 | _aeng | ||
| 082 | 0 | 4 |
_a954.035092 _bGAC |
| 100 | 1 |
_aGandhi, _d1869-1948. _982197 |
|
| 245 | 0 | 0 |
_aCollected works of Mahatma Gandhi / _cGandhi _nVolume-XXXII |
| 260 |
_aNew Delhi : _bPublications Division, Ministry of Information and Broadcasting, Govt. of India, _c1969. |
||
| 300 |
_aV-32 (631 p.) : _bill., facsims., maps (part fold.), ports. ; _c24 cm. |
||
| 504 | _aincludes index. | ||
| 650 | 1 |
_a POLITICAL CONDITIONS _982198 |
|
| 942 |
_2ddc _cBK |
||
| 999 |
_c26749 _d26749 |
||